Movies by poster - Statistics

General Stats
  • This quiz has been taken 168 times
  • The average score is 10 of 16
Answer Stats
Picture Answer % Correct
Top gun
95%
Hunger games
91%
Indiana Jones
89%
The Matrix
87%
Avatar
82%
American psycho
81%
Pirates of the Caribbean
80%
Back to the future
71%
Inception
71%
Coming to america
54%
White men cant jump
54%
Jojo rabbit
53%
National treasure
50%
Ford vs Ferrari
43%
Field of dreams
42%
Once apon a time in hollywood
2%
No matching quizzes found
Score Distribution
Percent of People with Each Score
Percentile by Number Answered
Your Score History
You have not taken this quiz